Państwa, które zaczynają się na tą samą literę co stolice. - Statystyki

Ogólne statystyki
  • Ten quiz został rozwiązany 972 razy
  • Średni wynik to 12 z 27
Statystyki odpowiedzi
Kontynent Państwo % Poprawnych
Ameryka Płd. Brazylia
78%
Europa Watykan
78%
Europa Andora
76%
Europa San Marino
76%
Europa Luksemburg
75%
Ameryka Pn. Meksyk
73%
Europa Monako
68%
Europa Szwecja
59%
Europa Belgia
58%
Ameryka Pn. Panama
52%
Afryka Algieria
49%
Ameryka Pn. Gwatemala
46%
Ameryka Pn. Salwador
43%
Ameryka Płd. Gujana
42%
Afryka Tunezja
39%
Ameryka Pn. Belize
35%
Azja Singapur
34%
Azja Kuwejt
31%
Afryka Niger
31%
Afryka Dżibuti
26%
Ameryka Pn. Barbados
24%
Afryka RPA
21%
Azja Brunei
20%
Azja Malediwy
20%
Azja Sri Lanka
20%
Oceania Papua-Nowa Gwinea
19%
Afryka Mozambik
16%
Nie znaleziono quizów pasujących do podanych kryteriów
Rozkład punktacji
Procent ludzi z każdym wynikiem
Percentyl według liczby udzielonych odpowiedzi
Twoja historia wyników
Nie rozwiązałeś tego quizu